| 000 | 00834nam1a22002171i 4500 | ||
|---|---|---|---|
| 001 | rc\739817 | ||
| 005 | 20240726052254.0 | ||
| 035 | _a(NLR Aleph) 006321761 | ||
| 090 |
_a7458187 _c7458187 |
||
| 100 | _a20040301d1985 u |0rusy50 ca | ||
| 101 | 0 | _arus | |
| 102 | _aRU | ||
| 105 | _ay ||||||||| | ||
| 200 | 1 |
_aСпециальные технические средства для инженерно-геодезических измерений _eБиблиогр. указ. _fГл. упр. геодезии и картографии при Совете Министров СССР |
|
| 210 |
_aМ. _cЦНИИГАИК _d1985 |
||
| 215 | _d20 | ||
| 712 | 0 | 1 |
_aСССР _bГлавное упр. геодезии и картографии |
| 801 | 0 |
_aRU _bNLR _gpsbo |
|
| 801 | 1 |
_aRU _bELAR _2rusmarc |
|
| 852 |
_aNLR _bС _jК-1/3170 |
||
| 942 | _cBOOK | ||